| 000 | 01263nam a2200337 i 4500 | ||
|---|---|---|---|
| 003 | EG-GICUC | ||
| 005 | 20260121101524.0 | ||
| 008 | 251218s1988 ua ||| fr||| 00| 0 ara d | ||
| 017 | _a19875658 | ||
| 040 |
_a EG-GICUC _bara _c EG-GICUC _d EG-GICUC _erda |
||
| 041 | _aara | ||
| 082 | 0 | 4 |
_221 _a343.6 _bر ؤ . ا |
| 092 | 0 | 4 | _221 |
| 099 | _aLaw1 10 343.6 ر ؤ . ا 7 ed - 1988 | ||
| 100 | 0 |
_aرؤوف عبيد. _eمؤلف. |
|
| 245 | 1 | 0 |
_aاصول علمي الإجرام والعقاب / _cرؤوف عبيد. |
| 250 | _aالطبعة السابعة | ||
| 264 | 3 |
_aالقاهرة : _bدار الجبل للطباعه، _c1988. |
|
| 300 |
_a؛ 736 صفحة _c24 سم. _bإيضاحيات، صور، مثيليات ؛ |
||
| 336 |
_2rda content _atext |
||
| 337 |
_2rda media _aComputer |
||
| 338 |
_2rda carrier _aOnline Resource |
||
| 504 | _aيحتوي على ارجاعات ببليوجرافية | ||
| 546 | _aالنص أغلبه باللغة العربية بعض النصوص الإنجليزية والفرنسية | ||
| 650 | 1 | 4 |
_aعلم الإجرام _2qrmak |
| 650 | 1 | 4 |
_aعلم العقاب _2qrmak |
| 651 | 1 | _2qrmak | |
| 856 | 4 | 0 | _uhttps://fll.law.cu.edu.eg/fulltext/bks/B10-07091.pdf |
| 905 |
_a75 _eYara |
||
| 942 |
_2ddc _cBK _e21 _n0 |
||
| 999 |
_c51698 _d51698 |
||